| 000 | 00591nam a22001937a 4500 | ||
|---|---|---|---|
| 005 | 20260212064920.0 | ||
| 008 | 260212b |||||||| |||| 00| 0 eng d | ||
| 020 | _a978-621-04-4354-7 | ||
| 082 | _aFil. 647.94068 P739 2023 | ||
| 100 |
_aPo, Sarah M. _9242 |
||
| 245 |
_aFundamentals in lodging operations / _cSarah Monzon-Po |
||
| 250 | _a1st ed. | ||
| 260 |
_aManila: _bRex Book Store, _cc2023 |
||
| 300 |
_aix, 225p.: _bill. |
||
| 490 | _aHRM-Tourism series | ||
| 504 | _aIncludes bibliographies and index | ||
| 541 | _e7897 c.1, 7898 c.2 | ||
| 650 |
_aHotels and motels - Management _9243 |
||
| 999 |
_c2511 _d2511 |
||